00433nam a22001337a 450000500170000000800410001705000200005810000370007824500840011525000110019926000340021030000210024465000340026520211015122620.0170921b1954 mx ||||| |||| 001 0 spa d04aK5018bJ56 19541 aJiménez de Asúa, Luiseautor13aLa ley y el delito b: principios de derecho penal c/ Luis Jiménez de Asúa a2a ed. aBuenos Aires :bHermes,c1954 a617 p. :c23 cm. 72lembaDerecho penalzMéxico